| 000 | 00000nam##2200000za#4500 |
| 001 | 9.681272 |
| 003 | CaOODSP |
| 005 | 20200330070416 |
| 007 | ta |
| 008 | 150407|2000||||xxc||||| f|0| 0 fre|d |
| 020 | |a0-662-85068-8 |
| 040 | |aCaOODSP|bfre |
| 043 | |an-cn--- |
| 086 | 1 |aH49-145/2000F |
| 110 | 1 |aCanada.|bSanté Canada. |bDirection générale de la santé de la population et de la santé publique. |
| 245 | 10|aSystème national de surveillance du diabète (SNSD), plan d'activités |
| 250 | |aRévisé le 31 mai 2000. |
| 260 | |aOttawa - Ontario : |bSanté Canada. |c2000. |
| 300 | |a41p. en pagination multiple. : |bgraphiques, tableaux ; |c28 cm. |
| 500 | |a«Les principaux buts du SNSD sont de développer, de faciliter et de coordonner la surveillance nationale, provinciale, territoriale et autochtone du diabète, en commençant par l'application d'un modèle uniformisé de surveillance de base.»--Sommaire. |
| 520 | 3 |aLes principaux buts du SNSD sont de développer, de faciliter et de coordonner la surveillance nationale, provinciale, territoriale et autochtone du diabète, en commençant par l'application d'un modèle uniformisé de surveillance de base.--Sommaire |
| 563 | |aReliure à anneaux |
| 590 | |a00-39|b2000-09-29 |
| 691 | 07|aDiabète|2gcpds |
| 691 | 07|aPromotion de la santé|2gcpds |
| 775 | 08|tNational Diabetes Surveillance System (NDSS) business plan |w(CaOODSP)9.647891 |
| 776 | 0#|tSystème national de surveillance du diabète (SNSD) plan d'activités / |w(CaOODSP)9.639562 |